Neighborhood context, police behavior, and satisfaction with police

Saved in:  
Bibliographic Details
Authors: Reisig, Michael Dean 1968- (Author) ; Parks, Roger B. (Author)
Format: Electronic Article
Language:English
Published: 2003
In: Justice research and policy
Year: 2003, Volume: 5, Issue: 1, Pages: 37-65
Online Access: Volltext (lizenzpflichtig)
Check availability: HBZ Gateway

MARC

LEADER 00000caa a22000002c 4500
001 1912633795
003 DE-627
005 20250125055250.0
007 cr uuu---uuuuu
008 241217s2003 xx |||||o 00| ||eng c
024 7 |a 10.3818/JRP.5.1.2003.37  |2 doi 
035 |a (DE-627)1912633795 
035 |a (DE-599)KXP1912633795 
040 |a DE-627  |b ger  |c DE-627  |e rda 
041 |a eng 
084 |a 2,1  |2 ssgn 
100 1 |a Reisig, Michael Dean  |d 1968-  |e VerfasserIn  |0 (DE-588)1053687265  |0 (DE-627)790474565  |0 (DE-576)177354453  |4 aut 
109 |a Reisig, Michael Dean 1968-  |a Reisig, Michael D. 1968- 
245 1 0 |a Neighborhood context, police behavior, and satisfaction with police 
264 1 |c 2003 
336 |a Text  |b txt  |2 rdacontent 
337 |a Computermedien  |b c  |2 rdamedia 
338 |a Online-Ressource  |b cr  |2 rdacarrier 
700 1 |a Parks, Roger B.  |e VerfasserIn  |4 aut 
773 0 8 |i Enthalten in  |t Justice research and policy  |d Thousand Oaks, CA : Sage Publishing, 1999  |g 5(2003), 1, Seite 37-65  |h Online-Ressource  |w (DE-627)50658948X  |w (DE-600)2220014-9  |w (DE-576)452866561  |x 1942-8022  |7 nnas 
773 1 8 |g volume:5  |g year:2003  |g number:1  |g pages:37-65 
787 0 8 |i Forschungsdaten  |a Mastrofski, Stephen D.  |t Project on Policing Neighborhoods in Indianapolis, Indiana, and St. Petersburg, Florida, 1996-1997  |d [Erscheinungsort nicht ermittelbar] : [Verlag nicht ermittelbar], 2002  |w (DE-627)1840057246 
856 4 0 |u https://doi.org/10.3818/JRP.5.1.2003.37  |x Resolving-System  |z lizenzpflichtig  |3 Volltext  |7 1 
935 |a mkri 
951 |a AR 
ELC |a 1 
LOK |0 000 xxxxxcx a22 zn 4500 
LOK |0 001 4637599334 
LOK |0 003 DE-627 
LOK |0 004 1912633795 
LOK |0 005 20241217044739 
LOK |0 008 241217||||||||||||||||ger||||||| 
LOK |0 035   |a (DE-2619)ICPSR25454 
LOK |0 040   |a DE-2619  |c DE-627  |d DE-2619 
LOK |0 092   |o n 
LOK |0 852   |a DE-2619 
LOK |0 852 1  |9 00 
LOK |0 935   |a nacp 
LOK |0 939   |a 17-12-24  |b l01 
ORI |a SA-MARC-krimdoka001.raw